| 000 | 00933pam a2200265 a 4500 | ||
|---|---|---|---|
| 008 | |||
| 020 | _a0132282976 (hbk.) | ||
| 049 | _aMAIN | ||
| 090 |
_aT55 _bGOE. |
||
| 100 | 1 | _aGoetsch, David L. | |
| 245 | 1 | 0 |
_aOccupational safety and health in the age of high technology : _bfor technologists, engineers, and managers / _cDavid L. Goetsch. |
| 250 | _a2nd ed. | ||
| 260 |
_aEnglewood Cliffs, N.J. : _bPrentice Hall, _cc1996. |
||
| 300 |
_axvi, 651 p. : _bill. ; _c24 cm. |
||
| 500 | _aIncludes index. | ||
| 504 | _aIncludes bibliographical references. | ||
| 650 | 0 |
_aIndustrial safety _zUnited States. |
|
| 650 | 0 |
_aIndustrial hygiene _zUnited States. |
|
| 700 | 1 |
_aGoetsch, David L. _tOccupational safety and health in the age of high technology. |
|
| 907 |
_a.b10166798 _b14-07-09 _c01-07-05 |
||
| 003 | |||
| 005 | 20230120193600.0 | ||
| 040 | _cNUST | ||
| 942 |
_cBOOKS _kT55 _mGOE. |
||
| 999 |
_c101683 _d101683 |
||